Religion and logic in Buddhist philosophical analysis : (Record no. 316642)
[ view plain ]
| 000 -LEADER | |
|---|---|
| fixed length control field | 01471cam a2200325 a 4500 |
| 001 - CONTROL NUMBER | |
| control field | 000921831 |
| 003 - CONTROL NUMBER IDENTIFIER | |
| control field | AM-YeHGA |
| 005 - DATE AND TIME OF LATEST TRANSACTION | |
| control field | 20250617145659.0 |
| 008 - FIXED-LENGTH DATA ELEMENTS--GENERAL INFORMATION | |
| fixed length control field | 110715s2011 au a b 100 0 eng d |
| 020 ## - INTERNATIONAL STANDARD BOOK NUMBER | |
| International Standard Book Number | 9783700170006 (pbk.) |
| 020 ## - INTERNATIONAL STANDARD BOOK NUMBER | |
| International Standard Book Number | 3700170009 (pbk.) |
| 040 ## - CATALOGING SOURCE | |
| Original cataloging agency | AM-YeHGA |
| 041 0# - LANGUAGE CODE | |
| Language code of text/sound track or separate title | ang |
| 072 #7 - SUBJECT CATEGORY CODE | |
| Subject category code | BQ |
| Source | lcco |
| 090 ## - LOCALLY ASSIGNED LC-TYPE CALL NUMBER (OCLC); LOCAL CALL NUMBER (RLIN) | |
| -- | 318370 |
| 111 2# - MAIN ENTRY--MEETING NAME | |
| Meeting name or jurisdiction name as entry element | International Dharmakīrti Conference |
| Number of part/section/meeting | (4th : |
| Date of meeting or treaty signing | 2005 : |
| Location of meeting | Vienna, Austria) |
| 245 10 - TITLE STATEMENT | |
| Title | Religion and logic in Buddhist philosophical analysis : |
| Remainder of title | proceedings of the Fourth International Dharmakīrti Conference, Vienna, August 23-27, 2005 / |
| Statement of responsibility, etc. | Helmut Krasser ... [et al.] (ed.). |
| 260 ## - PUBLICATION, DISTRIBUTION, ETC. | |
| Place of publication, distribution, etc. | Wien : |
| Name of publisher, distributor, etc. | Verlag der Österreichischen Akademie der Wissenschaften, |
| Date of publication, distribution, etc. | 2011. |
| 300 ## - PHYSICAL DESCRIPTION | |
| Extent | xxi, 521 p. : |
| Other physical details | [1] ill. ; |
| Dimensions | 30 cm. |
| 490 1# - SERIES STATEMENT | |
| Series statement | Beiträge zur Kultur- und Geistesgeschichte Asiens ; |
| Volume/sequential designation | Nr. 69 |
| 490 1# - SERIES STATEMENT | |
| Series statement | Denkschriften / Österreichische Akademie der Wissenschaften. Philosophisch-Historische Klasse ; |
| Volume/sequential designation | Bd. 424. |
| 504 ## - BIBLIOGRAPHY, ETC. NOTE | |
| Bibliography, etc. note | Includes bibliogr. references. |
| 650 14 - SUBJECT ADDED ENTRY--TOPICAL TERM | |
| Topical term or geographic name entry element | Buddhist philosophy |
| Form subdivision | Congresses. |
| 650 14 - SUBJECT ADDED ENTRY--TOPICAL TERM | |
| Topical term or geographic name entry element | Buddhist logic |
| Form subdivision | Congresses. |
| 650 14 - SUBJECT ADDED ENTRY--TOPICAL TERM | |
| Topical term or geographic name entry element | Knowledge, Theory of (Buddhism) |
| Form subdivision | Congresses. |
| 650 14 - SUBJECT ADDED ENTRY--TOPICAL TERM | |
| Topical term or geographic name entry element | Knowledge, Theory of (Religion) |
| Form subdivision | Congresses. |
| 700 1# - ADDED ENTRY--PERSONAL NAME | |
| Personal name | Krasser, Helmut. |
| 830 #0 - SERIES ADDED ENTRY--UNIFORM TITLE | |
| Uniform title | Beiträge zur Kultur- und Geistesgeschichte Asiens ; |
| Volume/sequential designation | Nr. 69. |
| 830 #0 - SERIES ADDED ENTRY--UNIFORM TITLE | |
| Uniform title | Denkschriften (Österreichische Akademie der Wissenschaften. Philosophisch-Historische Klasse) ; |
| Volume/sequential designation | Bd. 424 |
| Withdrawn status | Lost status | Damaged status | Not for loan | Collection | Home library | Current library | Date acquired | Cost, normal purchase price | Shelving control number | Total checkouts | Full call number | Barcode | Date last seen | Price effective from | Koha item type | Public note |
|---|---|---|---|---|---|---|---|---|---|---|---|---|---|---|---|---|
| General | Fundamental Scientific Library | Fundamental Scientific Library | 09/01/2017 | 5000.00 | ПИ 1517/424 | FL0232349 | 09/01/2017 | 09/01/2017 | Գրքեր / Books | 30 Days Loan |
ՀՀ Գիտությունների ազգային ակադեմիայի հիմնարար գիտական գրադարան = Fundamental Scientific Library of NAS RA
All site content, except where otherwise noted, is licensed under a